| 000 | 00351nam a2200133Ia 4500 | ||
|---|---|---|---|
| 008 | 150301s2011 xx 000 0 und d | ||
| 082 |
_a610.7367 _bC11G |
||
| 100 | _aGUPTA, SADHANA | ||
| 245 | 2 | _aA COMPREHENSIVE TB. OF OBST. & GYNECOLOGY | |
| 260 |
_bJAYPEE MEDICAL PUB. _c2011 |
||
| 300 | _a663 | ||
| 650 | _aOBST. & GYNECOLOGY | ||
| 942 |
_2ddc _cBK _015 |
||
| 999 |
_c6874 _d6874 |
||